000 00603nam a2200229Ia 4500
003 OSt
005 20220923224927.0
006 a|||||r|||| 00| 0
007 ta
008 Pun
024 _a253,759
037 _cTextual
040 _aARTS
_cARTS
_bPun
041 _2Pun
_aPun
082 _aDelta73, 153M6
100 _aਗੁਲਵੰਤ ਸਿੰਘ
245 0 _aਇਸਲਾਮ ਅਤੇ ਸੂਖ਼ੀਵਾਦ
260 _c1986
650 _aਅਧਿਆਤਮਵਾਦ
942 _hDelta73, 153M6
_cTEXL
_2CC
999 _c374724
_d374724